| 000 | 00852nam a2200229 a 4500 | ||
|---|---|---|---|
| 001 | 80368 | ||
| 003 | BD-RjUL | ||
| 005 | 20220915122232.0 | ||
| 008 | 220915s2022 bg ||||| |||| 00| 0 bg d | ||
| 020 | _a9789843528148 | ||
| 035 | _a(BD-RjUL)80368 | ||
| 040 |
_aBD-RjUL _beng _cBD-RjUL |
||
| 041 | _aben | ||
| 082 |
_223 _a891.4414 _bJUR 2022 |
||
| 100 |
_aযূথী, জান্নাতুল _94835 |
||
| 245 | 1 | 0 |
_aরবীন্দ্রগল্পে সামাজিক পরিপ্রেক্ষিত / _cজান্নাতুল যূথী |
| 260 |
_aঢাকা : _bদৃষ্টি, _c২০২২ |
||
| 300 |
_a১২৭ পৃ.; _c২২ সেমি. |
||
| 600 |
_aঠাকুর, রবীন্দ্রনাথ, _d১৮৬১-১৯৪১ |
||
| 600 |
_aTagore, Rabindranath, _d1861-1941 |
||
| 942 |
_2ddc _cBK |
||
| 999 |
_c80368 _d80368 |
||